000
00300nam a22001337a 4500
008
170310b xxu||||| |||| 00| 0 eng d
020
_a
9780323011273
041
_a
eng
080
_2
8 ED
_a
611
100
_a
6
101
_a
SHM
245
_a
CARDIOVASCULAR PHYSIOLOGOY
_c
BERNE.R.M
942
_2
udc
_c
BK
999
_c
7403
_d
7403